00876 a2200241 450000500170000000800410001702000180005804000180007605000230009410000280011724500810014526000410022630000390026733600090030633700150031533800110033050400510034165000230039265000250041594200090044099900190044995201660046820260415090459.0260415b |||||||| |||| 00| 0 eng d a9781529732085 aLCcUNZAeRDA aHM1033.bDIC 2024. aDickerson, Pauleauthor aSocial Psychology : btraditional & critical perspectives /cPaul Dickerson. bSAGE Publications :c2024.a London. axxxii, 843 pages :billustrations. aText aUnmediated aVolume aincludes bibliographical references and index. aSocial psychology. aCritical psychology. cBOOK c216576d216576 00102lcc40708NFICaMAINbMAINcON-SHELFd2026-04-13eDonationg300.00l0oHM1033. DIC 2024.p33729006812015r2026-04-13 11:31:00t1v300.00w2026-04-13yBOOK